000 00973nam a2200301Ia 4500
005 20220316235647.0
008 121119s2002 sp a gr 000 0 spa
020 _a8495114011
041 0 _aspa
082 0 4 _a796.04
_bB17d
100 1 _aBatalla Flores, Albert
245 1 0 _aDeportes individuales
_cAlbert Batalla Flores, Paqui Martinez Galante ; ilustraciones, Samuel Aznar y Manuel Aznar
250 _aPrimera edición
300 _a105 páginas
_bilustraciones
_c23 cm
490 0 _aBiblioteca temática del deporte
650 1 4 _aDeportes
_2LEMB
650 1 4 _aDeportes náuticos
_2LEMB
650 1 4 _aGimnasia
_2LEMB
700 1 _aMartínez Galante, Paqui
_940030
700 1 _aAznar, Samuel
_940031
700 1 _aAznar, Manuel
_940032
942 _2ddc
_cBK
264 _aBarcelona
_bINDE
_c2002
336 _atexto
_btxt
_2rdacontent
337 _asin mediación
_bn
_2rdamedia
338 _avolumen
_bnc
_2rdacarrier
040 _aCO-BoRNBP
_bspa
_erda
_cCO-BoRNBP
999 _c1722
_d1722